Adóhivatalának Kassa sz. kir. város szervezeti szabályrendelet tervezete

Bibliographic Details
Format: Book
Language:Hungarian
Published: [S.l. s.n. 1944]

MARC

LEADER 00000cam a2200000 a 4500
001 vtls001260585
003 SK-MaSNL
005 20260223213526.0
008 251124s1944 xo a e 00000 hun
015 |a SNBA1944 
035 |a SNK000211429 
040 |a SNK  |b slo  |c SNK  |e AACR2 
041 0 |a hun 
044 |a xo  |c SK 
245 1 |a Adóhivatalának Kassa sz. kir. város szervezeti szabályrendelet tervezete 
260 |a [S.l.  |b s.n.  |c 1944] 
300 |a 26 s.  |c 4° 
958 |a RK 
999 |c 712113  |d 714043 
952 |a SNK  |b SNK  |y PREZ  |7 0  |p 17A0898360  |o snkSB 19113  |i snkK 719/73  |8 3  |0 0  |1 0  |4 0  |d 2012-07-24  |l 0  |r 2025-03-20 00:00:00  |w 2026-02-23